000 00933nam a2200277 i 4500
003 DO-SdBNP
005 20230719081210.0
006 a||||fr|||| 00| 0
007 ta
008 230518e2017 dr |||fr|||| 001 edspa d
020 _a9993402486
040 _aDO-SdBNP
_bspa
_cBNPHU
_erda
082 4 _222
_bR457h
100 1 _910169
_aReyes Cerda, Nelson
_eautor
245 1 0 _aHistoria de las reformas a la Ley Constitucional dominicana. /
_cNelson Reyes Cerda
264 1 _a[Santo Domingo] :
_bFECON,
_c2017
300 _a286 páginas ;
_c19 cm.
336 _2rdaconten
_atexto
_btxt
337 _2rdamedia
_asin medición
_bn
338 _2rdacarreir
_avoluemen
_bnc
490 _aEstudio de Derecho Constitucional ;
500 _aIncluye datos biográficos del autor en la contracubierta
590 _aInventariado 2023 / MF
710 2 _934641
_aFundación Educación Constitucional (República Dominicana )
942 _2ddc
_cLBS1
999 _c53558
_d53558